000 01027naa a22003017a 4500
001 BR9301670
003 BR-BrBNA
005 20240918181019.0
007 ta
008 230509b bl.||||| |||| 00| 0 por d
040 _aBR-BrBNA
_bpor
_cBiblioteca Nacional de Agricultura
041 _a(Pt)
072 _aF30; F50
_b0120
090 _aF30 BR9301670
100 1 _aSampaio, H.S.L.V.
100 1 _aBlumenschein, A.
245 1 _aEstudos citologicos de camadas simples e multiplas de aleurona em diferentes variedades de milho (Zea mays L.)
260 3 _aCruz das Almas, BA (Brasil):
_c1977.
500 _aInforme cientifico anual, no. 1 Cruz das Almas, BA (Brasil): 1977. p. 113-114 (BR9301670-AM)F30
650 _aAleurona
650 _aCitogenetica Vegetal
650 _aVariedade
650 _aMilho
650 _aEstrutura Vegetal
773 0 _tInforme cientifico anual, no. 1
_wF30 BR9301670
_gCruz das Almas, BA (Brasil), 1977. p. 113-114
909 _a202404
_bLucia
_c55
_dLucia Elande
942 _cAM
_2AGRIS
999 _c323191
_d323191